Statistics for Most Common Boy Names Of 2000

Click here to take the quiz!

General Stats

  • This quiz has been taken 907 times
    (889 since last reset)
  • The average score is 39 of 100

Answer Stats

Answer% Correct
John
86%
Jonathon
86%
James
82%
Michael
79%
William
78%
Jack
77%
Daniel
74%
David
74%
Matthew
74%
Thomas
73%
Alex
70%
Alexander
70%
Christopher
70%
Jacob
70%
Andrew
68%
Benjamin
68%
Robert
67%
Joshua
62%
Luke
61%
Samuel
61%
Nathan
60%
Jose
59%
Ryan
59%
Henry
58%
Oliver
58%
Adam
57%
Charles
57%
Nick
57%
Ethan
56%
Liam
56%
Noah
56%
Jason
55%
Joseph
53%
Kevin
53%
Tyler
51%
Aaron
50%
Lucas
50%
Anthony
49%
Justin
49%
Brandon
47%
Jackson
47%
Eli
45%
Dylan
44%
Mason
44%
Isaac
43%
Ian
41%
Jordan
40%
Aiden
38%
Logan
37%
Evan
36%
Connor
34%
Elijah
34%
Owen
34%
Jayden
33%
Cameron
32%
Christian
31%
Gabriel
29%
Caleb
28%
Hunter
28%
Julian
28%
Nathaniel
28%
Austin
26%
Carter
26%
Juan
26%
Blake
24%
Xavier
23%
Carlos
22%
Isaiah
21%
Sebastian
21%
Zachary
21%
Jeremy
19%
Adrian
18%
Chase
18%
Gavin
18%
Landon
18%
Cooper
17%
Dominic
17%
Carson
16%
Nolan
16%
Parker
16%
Levi
15%
Brayden
14%
Brody
14%
Wyatt
14%
Josiah
13%
Grayson
12%
Kayden
12%
Hudson
11%
Tristan
11%
Damian
10%
Colton
9%
Jaxon
9%
Angel
8%
Easton
8%
Luis
8%
Ayden
6%
Bentley
5%
Bryson
5%
Jace
5%
Ryder
4%

Score Distribution

Percentile by Number Answered

Percent of People with Each Score

Your Score History

You have not taken this quiz since the last reset